01910naa a2200205 a 450000100080000000500110000800800410001910000280006024501100008826000090019852012560020765300270146365300110149065300110150165300250151265300360153765300290157370000160160277300860161810726782010-09-29 2010 bl uuuu u00u1 u #d1 aMACHADO, M. A. de C. F. aPotencial para o biocontrole de Botrytis cinerea por leveduras em sistema integrado de cultivo de l??rio. c2010 aO objetivo deste trabalho foi comparar uma popula????o de leveduras do filoplano de l??rio de um sistema convencional de cultivo com outra de sistema integrado, al??m de avaliar o antagonismo da levedura Sporidiobolus pararoseus a Botrytis cinerea. A comunidade de leveduras foi estimada pelo m??todo da queda dos balistoporos nos ter??os inferior, m??dio e superior das plantas, bem como nas faces adaxial e abaxial das folhas. Nos discos de folhas de plantas do sistema integrado, foi alta a presen??a da popula????o de leveduras, tendo sido maior na face adaxial das folhas do ter??o m??dio das plantas. Para avalia????o do antagonismo, foram aplicadas aos discos de folhas as concentra????es de 105, 106 e 107 c??lulas mL-?? da levedura, em tr??s per??odos de inocula????o: 24 horas antes; simult??nea a; e 24 horas ap??s a inocula????o de 104 esporos mL-?? de B. cinerea. A incid??ncia, a percentagem de ??rea de discos colonizados e a esporula????o de B. cinerea foram avaliadas por meio de diagrama de notas, a partir do quarto dia ap??s a inocula????o. Todas as concentra????es da levedura reduziram a esporula????o de B. cinerea nos discos de folha, em compara????o ?? testemunha, e a concentra????o de 107 esporos mL-?? foi a mais eficiente. aComunidade de levedura aLilium aL??rio aSistema convencional aSistema integrado de produ????o aSporidiobolus pararoseus1 aBETTIOL, W. tPesquisa Agropecu??ria Brasileira, Bras??liagv. 45, n. 6, p. 539-545, jun. 2010.